Skibidi Toilet Characters Picture(Part 2) - Statistics

General Stats
  • This quiz has been taken 8 times
  • The average score is 12 of 16
Answer Stats
Picture Answer % Correct
Camerawoman (Plungerwoman)
100%
Clockwoman
100%
Large Speakerman
100%
Titan Drillman
100%
DJ Toilet
83%
Fred
83%
Titan Clockman
83%
Tri Titan
83%
Buzzsaw Mutant Toilet (Hugo Boss)
67%
Duchess Astro Toilet
67%
Energized TV Man (Dark TV Man, TV Daddy)
67%
Jetpack Toilet
67%
Juggernaut Astro Toilet
67%
Zombie Titan TV Man
67%
Scientist Toilet Mech
50%
Wraith Titan
17%
No matching quizzes found
Score Distribution
Percent of People with Each Score
Percentile by Number Answered
Your Score History
You have not taken this quiz